Horizon Zero Dawn - Macchine - Statistics

General Stats
  • This quiz has been taken 2 times
  • The average score is 19 of 29
Answer Stats
Dove si trovano Macchina % Correct
Nora - Carja - Oseram Cervavito
100%
Ovunque Collolungo
100%
Nora - Carja - Oseram (c) Cornalunghe
100%
Carja - Oseram - Zone corrotte Corruttore
100%
Nora - Carja - Oseram (c) Corsiero
100%
Carja - Oseram Divoratuono
100%
Carja - Oseram (c) Ferrariete
100%
Carja - Oseram - Banuk Secodonte
100%
Nora - Carja - Oseram Spazzino
100%
Ovunque Vedetta
100%
Carja - Oseram - Banuk Vedetta Occhio-Rosso
100%
Carja - Oseram Arcapode
50%
Carja - Oseram Avistempesta
50%
Carja - Oseram Celermorso
50%
Carja - Oseram - Banuk Cheratauro
50%
Carja - Oseram Colosso
50%
Nora - Carja - Oseram Cornaguzze
50%
The Frozen Wilds Gelartiglio
50%
Carja - Oseram - Banuk Inseguitore
50%
Carja - Oseram - Banuk Longipede
50%
The Frozen Wilds Mastino
50%
Carja - Oseram Razziatore
50%
The Frozen Wilds Rogartiglio
50%
Carja - Oseram Smeriglio
50%
Carja - Oseram Spezzaroccia
50%
Missioni principali - Zone corrotte Sterminatore
50%
Banuk Manticerio congelante
0%
Banuk Manticerio incendiario
0%
The Frozen Wilds Torre di controllo
0%
No matching quizzes found
Score Distribution
Percent of People with Each Score
Percentile by Number Answered
Your Score History
You have not taken this quiz